00326nam a2200133Ia 4500008004100000020001500041050001500056100002700071245002000098245002100118260002800139260000900167300001600176160319s9999 xx 000 0 und d a9711303337 bM357i 2001 aMarquez, Servillano T. aIbong Adarna :  bSanayang aklat / bJ.C Palabay Enterprises c2001 a232 pages :